La enzimosis peptógena aplicada al ensayo de las pepsinas comerciales / (Record no. 70517)

MARC details
000 -LEADER
campo de control de longitud fija 00523nam a2200169 i 4500
001 - NÚMERO DE CONTROL
campo de control 70517
003 - IDENTIFICADOR DE NÚMERO DE CONTROL
campo de control ES-MaACL
005 - FECHA Y HORA DE LA ÚLTIMA TRANSACCIÓN
campo de control 20230906170835.0
007 - CAMPO FIJO DE DESCRIPCIÓN FÍSICA--INFORMACIÓN GENERAL
campo de control de longitud fija t|
008 - DATOS DE LONGITUD FIJA--INFORMACIÓN GENERAL
campo de control de longitud fija 040727s1907 sp ||||1| spa d
100 1# - ENTRADA PRINCIPAL--NOMBRE DE PERSONA
Nombre de persona García Vélez, José.
9 (RLIN) 55390
245 13 - MENCIÓN DEL TÍTULO
Título La enzimosis peptógena aplicada al ensayo de las pepsinas comerciales /
Mención de responsabilidad, etc. por José García Vélez.
260 ## - PUBLICACIÓN, DISTRIBUCIÓN, ETC.
Lugar de publicación, distribución, etc. Granada :
Nombre del editor, distribuidor, etc. [s.n.,
Fecha de publicación, distribución, etc. 1907] (
Fabricante López Guevara)
300 ## - DESCRIPCIÓN FÍSICA
Extensión 1 v.
502 ## - NOTA DE TESIS
Nota de tesis Tesis del doctorado en Farmacia.
852 ## - LOCALIZACIÓN
Ubicación ES-MaACL
Número de control de estantería T-1138-F-3
Holdings
Estatus retirado Estado de pérdida Estado de daño No para préstamo Colección Biblioteca de origen Biblioteca actual Ubicación en estantería Fecha de adquisición Fuente de adquisición Total de préstamos Signatura topográfica completa Código de barras Visto por última vez Precio de reemplazo Tipo de ítem Koha
        Colección de folletos Biblioteca del Ateneo de Madrid Biblioteca del Ateneo de Madrid Depósito folletos 17/01/2008     T-1138-F-3 1073840 23/02/2023 23/02/2023 Folleto